Ako posúdiť finančné zdravie firmy diplomová práca

Gespeichert in:
Bibliographische Detailangaben
1. Verfasser: Slávka, Rudolf
Körperschaft: Podnikovohospodárska fakulta EU so sídlom v Košiciach. Katedra účtovníctva a financií
Weitere Verfasser: Polončák, Milan
Format: Buch
Sprache:Slowakisch
Veröffentlicht: Košice 2010
Tags: Tag hinzufügen
Keine Tags, Fügen Sie das erste Tag hinzu!

MARC

LEADER 00000nam$a2200000$$$4500
001 0122297
005 20240318121644.7
041 0 |a slo 
044 |a SK 
245 1 0 |a Ako posúdiť finančné zdravie firmy  |b diplomová práca  |c Rudolf Slávka ; škol. Milan Polončák 
264 1 |a Košice  |c 2010 
300 |a 80 s. 
100 1 |a Slávka, Rudolf 
700 1 |a Polončák, Milan 
710 2 |a Podnikovohospodárska fakulta EU so sídlom v Košiciach. Katedra účtovníctva a financií